000 00781cam a2200265 i 4500
001 16368
003 DO-SdUEMH
005 20260130205542.0
007 ta
008 211105s2015 dr a||||r|||| 000 0 spa|d
040 _aDO-SdUEMH
_bspa
_erda
041 _aspa
082 1 4 _mRD
_aRD371.102
_bR426p
084 _b16-00138
110 _aPre-Congreso ISFODOSU, IDEICE (4: 2014 diciembre: Santo Domingo: Distrito Nacional)
245 1 0 _aMemoria del IV Pre-Congreso ISFODOSU - IDEICE 2014 /
260 _c2015
264 0 1 _aSanto Domingo :
_bISFODOSU, IDEICE,
_c2015
300 _a378 paginas :
_bilustraciones ;
_c27 cm.
336 _2rdacontent
_atexto
_btxt
337 _2rdamedia
_asin mediación
_bn
338 _2rdacarrier
_avolumen
_bnc
942 _2ddc
_cBK
_n0
999 _c16368
_d16368